Anglicko-české, česko-anglické pexeso zvířátka /

Hlavní autor: Autratová, Iveta, 1964-
Jazyk: Čeština
Vydáno: V Praze : Triton, 2013
Vydání: Vyd. 1.
Témata:
Fyzický popis: [26] s. : barev. il. ; 17 cm
Knihy
Uloženo v:
LEADER 01057nam a2200325 a 4500
001 001349744
003 CZ BrMZK
005 20140203104311.0
007 ta
008 131129s2013 xr a e 000 0 cze
015 |a cnb002523065 
020 |a 978-80-7387-727-9  |q (brož.) 
040 |a BOA001  |b cze 
072 7 |a 811.111  |x Angličtina  |2 Konspekt  |9 11 
080 |a 811.111  |2 MRF 
080 |a (0.029)  |2 MRF 
100 1 |a Autratová, Iveta,  |d 1964-  |7 jo2012738840  |4 ill 
245 1 0 |a Anglicko-české, česko-anglické pexeso zvířátka /  |c ilustrovala Iveta Autratová 
246 3 |a Česko-anglické pexeso zvířátka 
246 3 0 |a Pexeso zvířátka 
250 |a Vyd. 1. 
260 |a V Praze :  |b Triton,  |c 2013 
300 |a [26] s. :  |b barev. il. ;  |c 17 cm 
500 |a Název z obálky 
650 0 7 |a angličtina  |7 ph114056  |2 czenas 
655 7 |a pexesa  |7 fd131880  |2 czenas 
910 |a BOA001  |b 1-1316.290 
990 |a BK 
991 |b 201401  |c NOV  |e n 
996 6 |b 2610574427  |c 1-1316.290  |l MZK  |r Sklad / do 1 hodiny  |n 0  |p p.v.  |w 001390272  |u 000010  |a 1  |e BOA001  |j MZK50  |s P